Nazwy wszystkich oceanów na świecie - Statystyki

Ogólne statystyki
  • Ten quiz został rozwiązany 21 razy
  • Średni wynik to 4 z 5
Statystyki odpowiedzi
Oceany % Poprawnych
Ocean Spokojny (Pacyfik)
95%
Ocean Atlantycki
89%
Ocean Arktyczny
84%
Ocean Indyjski
79%
Ocean Południowy (wokół Antarktydy, uznany oficjalnie w 2000 r.)
53%
Nie znaleziono quizów pasujących do podanych kryteriów
Rozkład punktacji
Procent ludzi z każdym wynikiem
Percentyl według liczby udzielonych odpowiedzi
Twoja historia wyników
Nie rozwiązałeś tego quizu